000 00500nam a2200181Ia 4500
008 090124s9999 xx 000 0 und d
082 _b45002
100 _aठाकूर दिलीप
245 _a अप्परस्टॉल
250 _a1
260 _c2006
300 _a153
600 _aठाकूर दिलीप
630 _a अप्परस्टॉल
700 _aठाकूर दिलीप
730 _a अप्परस्टॉल
942 _cBOOK
999 _c111222
_d111222